<?xml version="1.0" encoding="UTF-8"?>
<collection xmlns="http://www.loc.gov/MARC21/slim">
 <record>
  <leader>02816nam a2200313 a 4500</leader>
  <controlfield tag="001">1/45417</controlfield>
  <controlfield tag="008">140828s2002    ne            001 0 eng  </controlfield>
  <datafield tag="020" ind1=" " ind2=" ">
   <subfield code="a">9780122252617</subfield>
  </datafield>
  <datafield tag="020" ind1=" " ind2=" ">
   <subfield code="a">0122252616</subfield>
  </datafield>
  <datafield tag="035" ind1=" " ind2=" ">
   <subfield code="l">48377</subfield>
  </datafield>
  <datafield tag="040" ind1=" " ind2=" ">
   <subfield code="a">OPELS</subfield>
   <subfield code="b">eng</subfield>
   <subfield code="c">OPELS</subfield>
   <subfield code="d">OCLCG</subfield>
   <subfield code="d">OCLCQ</subfield>
   <subfield code="d">OCLCF</subfield>
   <subfield code="d">GR-PeUP</subfield>
  </datafield>
  <datafield tag="245" ind1="0" ind2="0">
   <subfield code="a">WDM technologies</subfield>
   <subfield code="h">[electronic resource] /</subfield>
   <subfield code="c">edited by Achyut K. Dutta, Niloy K. Dutta, Masahiko Fujiwara.</subfield>
  </datafield>
  <datafield tag="260" ind1=" " ind2=" ">
   <subfield code="a">Amsterdam ;</subfield>
   <subfield code="a">Boston :</subfield>
   <subfield code="b">Academic Press,</subfield>
   <subfield code="c">c2002-&lt;c2003&gt;</subfield>
  </datafield>
  <datafield tag="300" ind1=" " ind2=" ">
   <subfield code="a">1 online resource (v. &lt;1-2&gt;) :</subfield>
   <subfield code="b">ill.</subfield>
  </datafield>
  <datafield tag="520" ind1=" " ind2=" ">
   <subfield code="a">This book will be an excellent resource for engineers and researchers engaged in all aspects of fiber optics communication, such as, optoelectronics, equipment/system design, and manufacturing. The book is also a resource for graduate students and scholars interested in these rapidly growing fields. Provides the reader with insight and understanding for key active optical components frequently being / to be used in the optical communication systems, essential building blocks of today's/next generation fiber optic networks Allows engineers working in optical communication area, (from system to component) to understand the principle and mechanics of each key component they deal with for optical system design Covers different laser diodes as transmitter and pumping sources, different modulators, and different photodetectors.</subfield>
  </datafield>
  <datafield tag="505" ind1="0" ind2=" ">
   <subfield code="a">1. Overview -- PART 1. Laser Sources -- 2. Longwavelength Laser Source -- 3. High Power Semiconductor Lasers for EDFA Pumping -- 4. Tunable Laser Diodes -- 5. Vertical Cavity Surface Emitting Laser Diodes -- PART II: Optical Diodes -- 6. Lithium Niobate Optical Modulators -- 7. Electroabsorption Modulators -- PART III: Photodetectors -- 8.P-I-N Photodiodes -- 9. Avalanche Photodiodes -- PART IV: Fabrication Technologies -- 10. Selective Growth Techniques and Their Applications in WDM Device Fabrication -- 11. Dry Etching Technology for Optical Devices -- PART V: Optical Packaging Technologies -- 12. Optical Packaging/Module Technologies: Design Methodologies -- 13. Packaging Technologies for Optical Components: Integrated Module -- Index.</subfield>
  </datafield>
  <datafield tag="504" ind1=" " ind2=" ">
   <subfield code="a">Includes bibliographical references and indexes.</subfield>
  </datafield>
  <datafield tag="505" ind1="1" ind2=" ">
   <subfield code="a">[v. 1]. Active optical components -- v. 2. Passive optical components.</subfield>
  </datafield>
  <datafield tag="650" ind1=" " ind2="4">
   <subfield code="a">Wavelength division multiplexing.</subfield>
  </datafield>
  <datafield tag="650" ind1=" " ind2="4">
   <subfield code="a">Optical communications.</subfield>
  </datafield>
  <datafield tag="650" ind1=" " ind2="4">
   <subfield code="a">Optoelectronic devices.</subfield>
  </datafield>
  <datafield tag="655" ind1=" " ind2="4">
   <subfield code="a">Electronic books.</subfield>
  </datafield>
  <datafield tag="700" ind1="1" ind2=" ">
   <subfield code="a">Dutta, Achyut K.</subfield>
  </datafield>
  <datafield tag="700" ind1="1" ind2=" ">
   <subfield code="a">Dutta, N. K.</subfield>
   <subfield code="q">(Niloy K.),</subfield>
   <subfield code="d">1953-</subfield>
  </datafield>
  <datafield tag="700" ind1="1" ind2=" ">
   <subfield code="a">Fujiwara, Masahiko.</subfield>
  </datafield>
  <datafield tag="852" ind1=" " ind2=" ">
   <subfield code="a">INST</subfield>
   <subfield code="b">UNIPILB</subfield>
   <subfield code="c">EBOOKS</subfield>
   <subfield code="e">20140828</subfield>
   <subfield code="p">00b48377</subfield>
   <subfield code="q">00b48377</subfield>
   <subfield code="t">ONLINE</subfield>
   <subfield code="y">0</subfield>
  </datafield>
  <datafield tag="856" ind1="4" ind2="0">
   <subfield code="3">ScienceDirect</subfield>
   <subfield code="u">http://www.sciencedirect.com/science/book/9780122252617</subfield>
  </datafield>
  <datafield tag="856" ind1="4" ind2=" ">
   <subfield code="d">/webopac/covers/03/48377_9780122252617.jpg</subfield>
  </datafield>
  <datafield tag="856" ind1="4" ind2=" ">
   <subfield code="d">/webopac/covers/03/48377_0122252616.jpg</subfield>
  </datafield>
 </record>
</collection>
